| 000 | 00597nam a2200229Ia 4500 | ||
|---|---|---|---|
| 003 | OSt | ||
| 005 | 20220928144839.0 | ||
| 006 | a|||||r|||| 00| 0 | ||
| 007 | ta | ||
| 008 | 220927b |||||||| |||| 00| 0 eng d | ||
| 024 | _a76374 | ||
| 037 | _cTextual | ||
| 040 |
_aSDCL _cSDCL _beng |
||
| 041 |
_2eng _aeng |
||
| 082 | _aW, L5 | ||
| 100 |
_aDe Crespigny Anthony Ed. _9509913 |
||
| 245 | 0 | _aIdeologies of politics. | |
| 260 | _c1975 | ||
| 700 |
_a Cronin Jeremy Ed. _9509914 |
||
| 942 |
_hW, L5 _cTEXL _2CC |
||
| 999 |
_c829919 _d829919 |
||